The heart of missionary theology. (Record no. 10166)

000 -LEADER
fixed length control field 00608nam a2200193 a 4500
001 - CONTROL NUMBER
control field :::00007951$&:&@@
003 - CONTROL NUMBER IDENTIFIER
control field OkBaRHE
005 - DATE AND TIME OF LATEST TRANSACTION
control field 20000607103340.0
008 - FIXED-LENGTH DATA ELEMENTS--GENERAL INFORMATION
fixed length control field s1976 j 000 0 eng u
040 ## - CATALOGING SOURCE
Transcribing agency
100 1# - MAIN ENTRY--PERSONAL NAME
Personal name Weiss, George Christian, 1910-
245 14 - TITLE STATEMENT
Title The heart of missionary theology.
260 ## - PUBLICATION, DISTRIBUTION, ETC. (IMPRINT)
Place of publication, distribution, etc Lincoln, NE., :
Name of publisher, distributor, etc Back to the Bible Publication
Date of publication, distribution, etc 1976
300 ## - PHYSICAL DESCRIPTION
Extent 69 p. ;
Dimensions 17 cm.
650 ## - SUBJECT ADDED ENTRY--TOPICAL TERM
Topical term or geographic name as entry element Missions
General subdivision Biblical Teaching
650 ## - SUBJECT ADDED ENTRY--TOPICAL TERM
Topical term or geographic name as entry element Missions
General subdivision Theory
942 ## - ADDED ENTRY ELEMENTS (KOHA)
Source of classification or shelving scheme
Koha item type Books
Copies
Not for loan Full call number Date acquired Price effective from Lost status Withdrawn status Shelving location Koha item type Date last seen Damaged status Source of classification or shelving scheme Permanent Location Barcode Copy number
 BV 2063 .W442010-04-142010-04-14  General StacksBooks2010-04-14  RHEMA Bible Training College79511